Sports Quiz

Random Sports or College Quiz

Can you name the colleges these NBA players went to? Quiz Stats

 Plays Quiz not verified by Sporcle

Score 0/50 Timer 15:00
0 Plays Today
Hint Answer % Correct
Kyrie IrvingDuke
92.9%
Michael JordanNorth Carolina
92.4%
Carmelo AnthonySyracuse
91.7%
Dwyane WadeMarquette
90.8%
Kevin DurantTexas
90%
Chris PaulWake Forest
89.1%
Blake GriffinOklahoma
88.9%
Kemba WalkerUconn
88%
Derrick RoseMemphis
87.7%
Magic JohnsonMichigan State
87.3%
Anthony DavisKentucky
87.1%
Russell WestbrookUCLA
86.4%
Larry BirdIndiana State
86.1%
LeBron JamesNone
82.4%
Kevin LoveUCLA
80.8%
Charles BarkleyAuburn
80.3%
Shaquille O'nealLSU
80.1%
Bill WaltonUCLA
79.2%
Jeremy LinHarvard
78.8%
Paul PierceKansas
78.1%
Doug McDermottCreighton
77.7%
Stephen CurryDavidson
77.5%
Anthony BennettUNLV
76.4%
Hakeem OlajuwonHouston
74.1%
Peyton ManningTennessee
72.5%
Hint Answer % Correct
Cam NewtonAuburn
72.3%
Tom BradyMichigan
72.3%
Mark SanchezUSC
70.1%
Eli ManningOle Miss
68.3%
Shane LarkinMiami
65.6%
Randy MossMarshall
64.5%
Damian LillardWeber State
60.7%
JJ WattWisconsin
60.5%
Dez BryantOklahoma State
59.4%
Jason KiddCal
57.4%
Ladanian TomlinsonTCU
53.4%
Alex LenMaryland
51.4%
Ralph SampsonVirginia
47.5%
Jimmy KingMichigan
46.6%
Deion SandersFlorida State
46.2%
LeSean McCoyPitt
46.2%
Len BiasMaryland
46.2%
Joe JohnsonArkansas
44.7%
Steve NovakMarquette
38.6%
Emmitt SmithFlorida
37.9%
Santonio HolmesOhio State
37%
Kris HumphriesMinnesota
35.3%
Jerry RiceMississippi Valley State
24.8%
Tony RomoNorthern Illinois
18.3%
Robert MathisAlabama A&M
4.2%

You're not logged in!

Compare scores with friends on all Sporcle quizzes.
OR
Log In

Sporcle TV

Today on Sporcle TV


Watch our educational content, quiz creation guides, and fun videos on Sporcle TV.

Show Comments

Extras

Created Mar 8, 2015ReportNominate
Tags:College Quiz, NBA Quiz, player, went

Top Quizzes Today


Score Distribution

Your Account Isn't Verified!

In order to create a playlist on Sporcle, you need to verify the email address you used during registration. Go to your Sporcle Settings to finish the process.

Report this User

Report this user for behavior that violates our Community Guidelines.

Details: